000 00775nab a2200241 u 4500
001 11123
003 HDC
007 cr bn ---aaaaa
008 210206c20140926 |r|noo 0 a eng d
040 _aHDC
110 _aNew Sabah Times
245 0 _aKYS seals MOA with KUIN
260 _a[no place] :
_b[publisher not identified],
_c2014
336 _atext
_2rdacontent
337 _acomputer
_2rdamedia
338 _aonline resource
_2rdacarrier
650 _aIslamic-based learning
_911310
650 _aMoA signing ceremony
_911349
856 _zRequest full-text at [email protected]
942 _2lcc
942 _cNEWS
942 _kNWSO 001258
999 _c8446
_d8446